00366cam a2200145 a 4500020001500000020001800015082001200033100002000045245001400065250001200079260005200091300004100143650001300184700002300197 a0697225704 a978069722570200a574 RAV1 aRaven, Peter H.10aBiology / a4th ed. aDubuque, IA :bWm. C. Brown Publishers,cc1996. axxxii, 1310 p. :bill. (some col.) ; 0aBiology.1 aJohnson, George B.